| 000 | 00742nam a22002297a 4500 | ||
|---|---|---|---|
| 005 | 20150226105413.0 | ||
| 008 | 140714b xxu||||| |||| 00| 0 Urdu d | ||
| 010 | _aUR-8686 | ||
| 020 | q | _c135..00 | |
| 020 | _c9789350732519 | ||
| 035 | _aU-7241 | ||
| 037 | _bDBAD/Pub. | ||
| 040 |
_aDPL _bUrdu |
||
| 082 | _a841 | ||
| 100 | _aصا بر جہا ن آ با د ی | ||
| 245 |
_aمر يد سخن : شا عر ی _cصا بر جہا ن آ با د ی |
||
| 246 |
_aMurid-e-Sukhan (Poetry) _bBy Sabir Jahanabadi |
||
| 260 |
_aد ھلی _bEducational Publishing House _c2014 |
||
| 270 |
_a3108,Vakeel Street,Kucha Pandit,Lal Kuan _b.Delhi _e110006 |
||
| 300 |
_a160ص _c22Cm (Hb) |
||
| 942 |
_2ddc _cUR _e _h841 _mص ا ب |
||
| 999 |
_c91928 _d91928 |
||